1197 1171 1700 1441 1509 1274 1305 1598 1019 1563 1725 1833 1491 1816 1144 1738 1638 1060 1465 1520 1111 1825 1039 1531 1775 1751 1067 1487 1631 1907 1784 1116 1553 1758 1679 1993 1072 1208 1239 1170 1832 1513 1504 1458 1303 1910 1008 1509 1203 1580 1545 1672 1389 1728 1619 1642 1819 1349 1154 1457 1171 1545 1392 1742 1320 1478 1895 1481 1030 1912 1107 1099 1707 1248 1256 1319 1071 1608 1919 1060 1672 1104 1688 1850 1795 1366 1313 1828 1914 1882 1782 1598 1065 1317 1555 1223 1915 1794 1914 BCNSPRNW ULIB Ver.6.0+V

เปลี่ยนเป็นภาษาไทย

Change to English
 แสดงรายละเอียดบรรณานุกรม
  กลับหน้าหลัก

Brief Record : Get Marc (ISO 2709) : E-mail record : QR code < ปิดหน้าต่าง
LEADER : 00000nam 2200000uu 4500
001    13399128514
003     ULIB
008    230830s2565||||th 000 0 tha d
020    ^a9786168243886
050  0 ^aนว.^bน779ผ
100 0  ^aเนวิกา
245 10 ^aผูกพันอันพร่างพราว /^cเนวิกา
250    ^aพิมพ์ครั้งที่ 1
260    ^aกรุงเทพฯ :^bดีบุ๊ค,^c2565
300    ^a464 หน้า ;^c21 ซม.
650  4 ^aนวนิยายไทย
945    ^p340^l0^i010282
999    ^aประนอม เกษจรัล
รายการนี้ยังไม่มีแท็ก
คุณยังไม่ได้ล็อกอิน คุณสามารถมีกิจกรรมร่วมกับเว็บไซต์ได้ แต่ต้องล็อกอินก่อน ::
  ล็อกอิน

รายการสื่อสารสนเทศ

ลำดับที่ ประเภท เลขเรียก/บาร์โค้ด สถานที่ สถานะ
1. นวนิยาย
นวนิยาย
นว. น779ผ ฉ.1 
  Barcode: 010282
ห้องสมุดวิทยาเขตสวรรค์ประชารักษ์
►หนังสือทั่วไป
บนชั้น

รายการใกล้เคียง
    ผู้แต่ง [เนวิกา]

    หัวเรื่อง [นวนิยายไทย]

BibComment


ยังไม่เคยถูกคอมเมนท์

คอมเมนท์ทรัพยากรรายการนี้
  คอมเมนท์: ผูกพันอันพร่างพร..


 Copyright 2026. Bcnsprnw @Library